000 00507nam a2200181Ia 4500
005 20250508154040.0
008 008 250505s9999 xx 000 0 eng d
037 _aTextual
040 _aFEDL
_beng
_cFEDL
041 _aeng
_2eng
084 _a729, BEV
_qFEDL
100 _aBevlin Marjorie Elliott
_9764937
245 0 _aDesign through discovery
260 _aNew York, USA
_bHolt, Rinehart and Winston
_c1963
300 _a388p.
942 _cTEXL
_h729, BEV
999 _c1347275
_d1347275